Prikupljanje podataka daljinskom detekcijom i analiza podataka s ciljem monitoringa vegetacije različitih razmera od 2000. do danas na jugoistoku Panonske nizije, Maђаrskoj i Vojvodini

Elmentve itt :
Bibliográfiai részletek
Szerzők: Kovács Ferenc
Ladányi Zsuzsanna
Blanka Viktória
Szilassi Péter
Van Leeuwen Boudewijn
Tobak Zalán
Gulácsi András
Szalma Elemér
Cseuz László
Testületi szerző: Aszály és belvíz monitoring és menedzsment, valamint a kapcsolódó kockázatok a Dél-Alföldön és a Vajdaságban
Dokumentumtípus: Könyv része
Megjelent: Szegedi Tudományegyetem Természeti Földrajzi és Geoinformatikai Tanszék Szeged 2019
Sorozat:Aszály és belvíz monitoring és menedzsment, valamint a kapcsolódó kockázatok a Dél-Alföldön és a Vajdaságban : konferenciakötet
Kulcsszavak:Távérzékelés alkalmazása - adatgyűjtés - Vajdaság, Távérzékelés alkalmazása - adatgyűjtés - Délkelet-Alföld
Tárgyszavak:
Online Access:http://acta.bibl.u-szeged.hu/66834
LEADER 01723naa a2200337 i 4500
001 acta66834
005 20230615154340.0
008 200506s2019 hu o 1|| srp d
020 |a 978-963-306-680-5 
040 |a SZTE Egyetemi Kiadványok Repozitórium  |b hun 
041 |a srp 
100 1 |a Kovács Ferenc 
245 1 0 |a Prikupljanje podataka daljinskom detekcijom i analiza podataka s ciljem monitoringa vegetacije različitih razmera od 2000. do danas na jugoistoku Panonske nizije, Maђаrskoj i Vojvodini  |h [elektronikus dokumentum] /  |c  Kovács Ferenc 
260 |a Szegedi Tudományegyetem Természeti Földrajzi és Geoinformatikai Tanszék  |b Szeged  |c 2019 
300 |a 122-135 
490 0 |a Aszály és belvíz monitoring és menedzsment, valamint a kapcsolódó kockázatok a Dél-Alföldön és a Vajdaságban : konferenciakötet 
650 4 |a Természettudományok 
650 4 |a Föld- és kapcsolódó környezettudományok 
650 4 |a Műszaki és technológiai tudományok 
650 4 |a Környezetmérnöki tudományok 
695 |a Távérzékelés alkalmazása - adatgyűjtés - Vajdaság, Távérzékelés alkalmazása - adatgyűjtés - Délkelet-Alföld 
700 0 1 |a Ladányi Zsuzsanna  |e aut 
700 0 1 |a Blanka Viktória  |e aut 
700 0 1 |a Szilassi Péter  |e aut 
700 0 2 |a Van Leeuwen Boudewijn  |e aut 
700 0 2 |a Tobak Zalán  |e aut 
700 0 2 |a Gulácsi András  |e aut 
700 0 2 |a Szalma Elemér  |e aut 
700 0 2 |a Cseuz László  |e aut 
711 |a Aszály és belvíz monitoring és menedzsment, valamint a kapcsolódó kockázatok a Dél-Alföldön és a Vajdaságban  |c Szeged  |d 2019 
856 4 0 |u http://acta.bibl.u-szeged.hu/66834/1/2019_aszaly_belviz_kotet_122-135.pdf  |z Dokumentum-elérés